An economic theory of democracy

محفوظ في:
التفاصيل البيبلوغرافية
المؤلف الرئيسي: Downs, Anthony
التنسيق: كتاب
اللغة:Undetermined
منشور في: New York Harper 1957
الموضوعات:
الوسوم: إضافة وسم
لا توجد وسوم, كن أول من يضع وسما على هذه التسجيلة!
Thư viện lưu trữ: Trung tâm Học liệu Trường Đại học Cần Thơ
LEADER 00488nam a2200181Ia 4500
001 CTU_78321
008 210402s9999 xx 000 0 und d
082 |a 351 
082 |b D748 
100 |a Downs, Anthony 
245 3 |a An economic theory of democracy 
245 0 |c Anthony Downs 
260 |a New York 
260 |b Harper 
260 |c 1957 
650 |a Public administration,Voting,Political parties 
904 |i Năm 
980 |a Trung tâm Học liệu Trường Đại học Cần Thơ